000 00837nam1a22002051i 4500
001 rc\3325327
005 20260406165250.0
035 _a(NLR Aleph) 007422195
090 _a6927582
_c6927582
100 _a20130115d1971 |||y0rusy50 ca
101 0 _arus
102 _aRU
105 _ay z |||||
200 1 _aИнформационно-инструктивные материалы по переоценке основных фондов
_eВып. 4
_fЦСУ при Совете Министров ЭССР. Отд. переоценки основных фондов
210 _aТаллин
_cБ. и.
_d1971
712 0 1 _aЭССР
_bЦентральное статистическое управление
_3RU\NLR\AUTH\889936659
_9368122
801 0 _aRU
_bNLR
_gpsbo
801 1 _aRU
_bELAR
_2rusmarc
852 _aNLR
_j72-4/25261
942 _cBOOK